Anthropotesrivista ufficiale del Pontificio Istituto Teologico Giovanni Paolo II Per le Scienze del Matrimonio e della Famiglia (Registro nro. 21566)

Detalles MARC
000 -Cabecera
Campo de control interno 00686nam a22002177a 4500
005 - Fecha y hora del registro
control field 20260314170756.0
008 - Elementos de Longitud Fija
fixed length control field 260314b |||||||| |||| 00| 0 spa d
041 ## - Idioma
Codigo Idioma ESP
082 ## - DEWEY y NOTACIÓN INTERNA
Dewey HR 289
Notación Interna V. 40 N° 2 ANTHROPOTES
100 ## - AUTOR
Autor denominación ,
110 ## - AUTOR INSTTITUCIONAL
Autor Institucional Pontificio Istituto Teologico Giovanni Paolo II Per le Scienze del Matrimonio e della Famiglia
245 ## - TÍTULO DE MATERIAL BIBLIOGRÁFICO
Título Anthropotesrivista ufficiale del Pontificio Istituto Teologico Giovanni Paolo II Per le Scienze del Matrimonio e della Famiglia
260 ## - CIUDAD, EDITORIAL, AÑO
Ciudad :
Nombre de la Editorial ,
Año 2024
300 ## - DESCRIPCIÓN
N° Páginas páginas 165-313 :
Otros detalles ;
Dimensiones 24 cm.
440 ## - MENCIÓN DE SERIE
Título de la Serie ;
650 ## - TEMAS
Temas Generalidades
654 ## - PROGRAMAS
Programa Dpto. de Humanidades
700 ## - OTROS AUTORES
Otros autores ;
942 ## - ELEMENTOS DE KOHA
Tipo de documento Libro
Nombre del creador Justo Noguera
Código de catalogador Justo Noguera
Esquema de clasificación Dewey Decimal Classification
Existencias
Codigo completo Registro Colección Copia número Disponibilidad Tipo de préstamo Biblioteca Actual Procedencia (Biblioteca) Ubicacón Fecha Ingreso Tipo de Adquisición Date last seen Total checkouts Price effective from Tipo de Item Estado del Material Fuente de Clasificación Damaged status Withdrawn status
HR 289 V. 40 N° 2 ANTHROPOTES 1082394 Universidad Católica San Pablo 1 Disponible Disponible Víctor Andrés Belaunde Víctor Andrés Belaunde Planta baja abierta 14/03/2026 Compra 14/03/2026   14/03/2026 Libro Bueno Dewey Decimal Classification